| 000 | 00748nam a2200217 a 4500 | ||
|---|---|---|---|
| 003 | BD-RjUL | ||
| 005 | 20231227123603.0 | ||
| 008 | 231227s2023 bg ||||| |||| 00| 0 ben d | ||
| 020 | _a9789843547347 | ||
| 035 | _a(BD-RjUL) | ||
| 040 |
_aBD-RjUL _beng _cBD-RjUL |
||
| 041 | _aben | ||
| 082 |
_223 _a891.44 _bHAM 2023 |
||
| 100 |
_aহামিদ, শামীমা _92332 |
||
| 245 |
_aমননশিল্পী রোকেয়া / _cশামীমা হামিদ |
||
| 260 |
_aরাজশাহী : _bপতত্রি / বইয়ের আকাশ, _c২০২৩ |
||
| 300 |
_a৪৮ পৃ.; _c১৮ সেমি. |
||
| 650 | _aবাংলা সাহিত্য | ||
| 650 | _aBengali literature | ||
| 942 |
_2ddc _cBK |
||
| 999 |
_c82556 _d82556 |
||